Loading...
| History - American | 0 | 8 | 2 | 0 | 70 | 88 | 109.13 | 0 | 1 | 0.00 | 0.00 |
| History - European | 0 | 6 | 0 | 1 | 60 | 100 | 118.00 | 0 | 1 | 10.96 | 13.33 |
| Other Academic | 0 | 4 | 0 | 0 | 40 | 75 | 85.00 | 0 | 1 | 0.00 | 0.00 |
| Literature - British | 0 | 3 | 0 | 1 | 30 | 85 | 105.33 | 0 | 1 | 7.35 | 16.67 |
| Literature - World | 0 | 3 | 0 | 1 | 30 | 125 | 139.67 | 0 | 0 | 0.71 | 5.00 |
| Literature - European | 0 | 3 | 0 | 0 | 30 | 92 | 128.33 | 1 | 1 | 7.08 | 16.67 |
| Science - Other | 0 | 3 | 1 | 1 | 25 | 54 | 81.67 | 0 | 1 | 13.92 | 27.78 |
| Literature - American | 0 | 2 | 0 | 1 | 20 | 70 | 112.50 | 0 | 1 | 3.42 | 10.00 |
| Philosophy | 0 | 1 | 0 | 0 | 10 | 131 | 131.00 | 0 | 0 | 0.00 | 0.00 |
| Fine Arts - Other | 0 | 1 | 0 | 0 | 10 | 119 | 119.00 | 0 | 0 | 0.00 | 0.00 |
| Science - Biology | 0 | 1 | 1 | 0 | 5 | 135 | 135.00 | 0 | 0 | 0.00 | 0.00 |
| Current Events | 0 | 0 | 0 | 0 | 0 | 0.00 | 0 | 0 | 7.52 | 13.33 | |
| Religion | 0 | 0 | 1 | 0 | -5 | 0.00 | 0 | 0 | 3.46 | 6.67 | |
| History - Other | 0 | 1 | 3 | 1 | -5 | 136 | 136.00 | 0 | 0 | 0.00 | 0.00 |
| Fine Arts - Painting & Sculpture | 0 | 0 | 1 | 0 | -5 | 0.00 | 0 | 0 | 0.00 | 0.00 | |
| Science - Physics | 0 | 0 | 1 | 0 | -5 | 0.00 | 0 | 0 | 0.00 | 0.00 | |
| Social Science | 0 | 0 | 1 | 0 | -5 | 0.00 | 0 | 0 | 2.05 | 7.78 |